| 000 | 00512nam a2200181 a 4500 | ||
|---|---|---|---|
| 005 | 20140310183527.0 | ||
| 008 | 111116s19uu xx 00 eng d | ||
| 020 | _a978-81-313-0509-6 | ||
| 050 |
_aPN 4775 _b.Si617 2009 |
||
| 100 | _aSingh, Jitendra Kumar | ||
| 245 |
_aModern journalism : _bissues and trends / _cJitendra Kumar Singh. |
||
| 260 |
_aNew Delhi : _bA.P.H. Publishing, _c2009. |
||
| 300 |
_a272 p. : _c23 cm. |
||
| 521 | _aMC | ||
| 650 | _aJournalism | ||
| 942 |
_cBK _2lcc _kFOR |
||
| 999 |
_c24537 _d24537 |
||